000
00233 a2200097 4500
001
24180
100
_a
Chirlian, P,.M
245
_a
Analysis and design of electronic circuits
260
_a
_b
McGraw-Hill
_c
1965
090
_c
16371
_d
16371
942
_a
NUST-CAE
_c
M
_c
7082
999
_c
259253
_d
259253